Návrh riešenia na zlepšenie využívania IT v procese plánovania a riadenia údržby strojov a zariadení vo vybranom priemyselnom podniku

Enregistré dans:
Détails bibliographiques
Auteur principal: Klimo, Peter, 1991- (Auteur)
Autres auteurs: Relich, Marcin (Directeur de thèse)
Format: Manuscrit Livre
Langue:slovaque
Publié: 2015
Sujets:
Accès en ligne:http://is.stuba.sk/zp/portal_zp.pl?podrobnosti=110211
Tags: Ajouter un tag
Pas de tags, Soyez le premier à ajouter un tag!

MARC

LEADER 00000ntm a22000003a 4500
001 stuzp52494
003 SK-STU
005 20160719154204.7
007 ta
008 150427s2015----xo-----f-mn---000-0-slo-d
040 |a STU  |b slo 
041 0 |a slo 
100 1 |a Klimo, Peter,  |d 1991-  |u 064000  |4 aut  |U MTF Materiálovotechnologická fakulta  |T MTF Ústav priemyselného inžinierstva a manažmentu  |X 6746  |U M4000  |Y 84  |7 A000006746 
242 0 1 |a Solution proposal for improvement the use of IT in planning and managing the maintenance activities in the selected company  |y eng 
245 1 0 |a Návrh riešenia na zlepšenie využívania IT v procese plánovania a riadenia údržby strojov a zariadení vo vybranom priemyselnom podniku 
260 |c 2015 
650 4 |a informácie  |2 slo 
650 4 |a CMMS  |2 slo 
650 4 |a počítačový systém riadenia údržby  |2 slo 
650 4 |a informačné systémy  |2 slo 
650 4 |a ERP  |2 slo 
650 4 |a IKEA  |2 slo 
650 4 |a údržba  |2 slo 
650 4 |a IT  |2 slo 
650 4 |a Bussines Inteligence  |2 slo 
650 4 |a information system  |2 eng 
650 4 |a information  |2 eng 
650 4 |a IKEA  |2 eng 
650 4 |a ERP  |2 eng 
650 4 |a IT  |2 eng 
650 4 |a CMMS  |2 eng 
650 4 |a maintenance  |2 eng 
650 4 |a computerized maintenance management system  |2 eng 
650 4 |a Bussines Inteligence  |2 eng 
700 1 |a Relich, Marcin  |4 ths  |X 67815  |7 67815 
856 4 |u http://is.stuba.sk/zp/portal_zp.pl?podrobnosti=110211 
996 |c M* DP-12174  |l MMSKP  |s P  |a 0  |w stuzp52494_0001 
SQL |a stuzp52494  |b DDP  |c SLO  |d Návrh riešenia na zlepšenie využívania IT v procese plánovania a riadenia údržby strojov a zariadení vo vybranom priemyselnom podniku  |e 6746  |f Klimo, Peter  |g 064000  |h 67815  |i Relich, Marcin  |j 20150601  |k 189  |l 06  |m http://is.stuba.sk/zp/portal_zp.pl?podrobnosti=110211  |n I-PMA  |o 5.2.52. priemyselné inžinierstvo